| 000 | 01090nam a2200301Ia 4500 | ||
|---|---|---|---|
| 005 | 20220317001534.0 | ||
| 008 | 161108s2009 s g 000 p s | ||
| 020 | _a9788498957198 | ||
| 100 | 1 |
_aCote Baraibar, Ramón _d1963- |
|
| 245 | 1 | 4 |
_aLos fuegos obligados _cRamón Cote Baraibar |
| 250 | _a1a. edición | ||
| 300 |
_a87 páginas _c21 cm |
||
| 490 | _aVisor de poesía | ||
| 505 | _aLo que a posesión nos llama -- Despedidas y apariciones -- Invierno y una acacia roja -- Interior con ventanas -- Altas fugadas -- Es un decir | ||
| 586 | _aXXIII Premio Unicaja de Poesía | ||
| 650 | 1 | 4 |
_2LEMB _aPoesía colombiana _ySiglo XX |
| 650 | 1 | 4 |
_2LEMB _aLiteratura colombiana _ySiglo XX |
| 650 | 1 | 4 |
_2LEMB _aConocimiento en la literatura |
| 650 | 1 | 4 |
_2LEMB _aRecuerdos en la literatura |
| 650 | 1 | 4 |
_2LEMB _aVida cotidiana en la literatura |
| 942 |
_2loc _cBKLIT |
||
| 264 |
_aMadrid _bVisor _c2009 |
||
| 336 |
_atexto _btxt _2rdacontent |
||
| 337 |
_asin mediación _bn _2rdamedia |
||
| 338 |
_avolumen _bnc _2rdacarrier |
||
| 040 |
_aCO-BoRNBP _bspa _erda _cCO-BoRNBP |
||
| 084 | _aP COT3 | ||
| 999 |
_c7292 _d7292 |
||